Five Letter Geography A-Z #1 - Statistics

General Stats
  • This quiz has been taken 3,134 times
  • The average score is 22 of 26
Answer Stats
Clue Answer % Correct
E Land of the pharaohs Egypt
99%
A A book of maps Atlas
98%
J "Land of the Rising Sun" Japan
98%
M Type of leaf on Canada's flag Maple
97%
B Another name for Myanmar Burma
95%
P Capital of Western Australia Perth
94%
T "Lone Star State" Texas
94%
Y War-torn Middle Eastern country Yemen
94%
O Island of fertility in a desert Oasis
93%
G One of the official language of Cyprus Greek
92%
S River on which Paris sits Seine
91%
R Currency of Russia Ruble
89%
H Where Vodou is commonly practiced Haiti
88%
Q Closest world capital to Equator Quito
86%
N Term for a migratory people such as the Bedouins Nomad
85%
F Word for a long, narrow ocean inlet Fjord
83%
K Peninsula once ruled by the above Korea
82%
V Longest river in Europe Volga
82%
C Biggest African river by volume Congo
81%
D Capital of Bangladesh Dhaka
80%
W "Cymru" is its native name Wales
77%
I Pakistani river home to an ancient civilization Indus
74%
U Another name for "Ayers Rock" Uluru
74%
Z Currency of Poland Złoty
63%
L Capital with the highest elevation La Paz
53%
X South African official language Xhosa
53%
No matching quizzes found
Score Distribution
Percent of People with Each Score
Percentile by Number Answered
Your Score History
You have not taken this quiz